[Event "Lippe Cup 02nd"]
[Site "Lieme"]
[Date "2005.10.09"]
[Round "4"]
[White "Morawe, Jobst"]
[Black "Kortschmar, Alexander"]
[Result "1-0"]
[WhiteElo "1701"]
[BlackElo "1625"]
[PlyCount "63"]
[EventDate "2005.10.07"]
[EventType "swiss"]
[EventRounds "5"]
[EventCountry "GER"]
[SourceTitle "EXT 2012"]
[Source "ChessBase"]
[SourceDate "2011.11.24"]
[SourceVersion "1"]
[SourceVersionDate "2011.11.24"]
[SourceQuality "1"]

1. d4 Nf6 2. Nf3 g6 3. Bg5 Bg7 4. e3 Ne4 5. Bh4 b6 6. Bd3 Bb7 7. Nbd2 d5 8. c3 0-0 9. Qc2 f5 10. Ng5 Nxg5 11. Bxg5 Nd7 12. 0-0 h6 13. Bh4 Qe8 14. Nf3 e5 15. dxe5 Nxe5 16. Nxe5 Bxe5 17. Bg3 Rd8 18. Rad1 Bc6 19. c4 d4 20. f4 Bg7 21. exd4 Bxd4+ 22. Bf2 Bxf2+ 23. Qxf2 Qf7 24. b3 Qf6 25. Be2 Be4 26. Bf3 Rfe8 27. Rfe1 Bxf3 28. Rxe8+ Rxe8 29. Qxf3 Qb2 30. Qc6 Re7 31. Qxg6+ Rg7 32. Rd8# 1-0

[Event "Lippe Cup 02nd"]
[Site "Lieme"]
[Date "2005.10.08"]
[Round "3"]
[White "Boehne, Sebastian"]
[Black "Morawe, Jobst"]
[Result "1/2-1/2"]
[WhiteElo "1533"]
[BlackElo "1701"]
[PlyCount "32"]
[EventDate "2005.10.07"]
[EventType "swiss"]
[EventRounds "5"]
[EventCountry "GER"]
[SourceTitle "EXT 2012"]
[Source "ChessBase"]
[SourceDate "2011.11.24"]
[SourceVersion "1"]
[SourceVersionDate "2011.11.24"]
[SourceQuality "1"]

1. c4 Nf6 2. Nc3 d6 3. g3 g6 4. Bg2 Bg7 5. e3 e5 6. Nge2 0-0 7. 0-0 Nc6 8. Rb1 Be6 9. Nd5 Rb8 10. b4 Ne7 11. Nxf6+ Bxf6 12. Qc2 c6 13. d4 d5 14. dxe5 Bxe5 15. c5 Bf5 16. e4 dxe4 1/2-1/2

[Event "Lippe Cup 02nd"]
[Site "Lieme"]
[Date "2005.10.07"]
[Round "1"]
[White "Wittke, Rene Alexander"]
[Black "Morawe, Jobst"]
[Result "0-1"]
[WhiteElo "1300"]
[BlackElo "1701"]
[PlyCount "122"]
[EventDate "2005.10.07"]
[EventType "swiss"]
[EventRounds "5"]
[EventCountry "GER"]
[SourceTitle "EXT 2012"]
[Source "ChessBase"]
[SourceDate "2011.11.24"]
[SourceVersion "1"]
[SourceVersionDate "2011.11.24"]
[SourceQuality "1"]

1. e4 Nf6 2. Nc3 d5 3. e5 Ne4 4. Nxe4 dxe4 5. Bc4 Qd4 6. Bb3 Qxe5 7. Ne2 Bg4 8. h3 Bh5 9. c3 e6 10. d4 exd3 11. Qxd3 Bg6 12. Bf4 Qc5 13. Qc4 c6 14. Qxc5 Bxc5 15. Rd1 Nd7 16. Bc4 e5 17. Bg3 f6 18. 0-0 Ke7 19. Rd2 b5 20. Rfd1 Rad8 21. Bd3 Nf8 22. Bxg6 Nxg6 23. Rxd8 Rxd8 24. Rxd8 Kxd8 25. Kf1 Kd7 26. Ke1 Ke6 27. f4 Be3 28. fxe5 fxe5 29. Bf2 Bxf2+ 30. Kxf2 Nf4 31. Ng3 Nd3+ 32. Kf3 Nxb2 33. Ne4 h6 34. g4 Na4 35. Ke3 Kd5 36. Kd3 Nc5+ 37. Nxc5 Kxc5 38. Ke4 Kd6 39. a3 g6 40. h4 a5 41. g5 h5 42. Ke3 Kd5 43. Kd3 e4+ 44. Ke3 c5 45. Kf4 b4 46. cxb4 cxb4 47. axb4 axb4 48. Ke3 b3 49. Kd2 e3+ 50. Kd3 e2 51. Kd2 b2 52. Kxe2 b1Q 53. Ke3 Qe4+ 54. Kf2 Qd3 55. Kg2 Ke4 56. Kf2 Kf4 57. Kg2 Qe3 58. Kh2 Qf2+ 59. Kh1 Qe2 60. Kg1 Kg3 61. Kh1 Qf1# 0-1

[Event "Lippe Cup 01st"]
[Site "Lieme"]
[Date "2004.10.23"]
[Round "2"]
[White "Morawe, Jobst"]
[Black "Kaesemann, Holger"]
[Result "1-0"]
[WhiteElo "1685"]
[BlackElo "1612"]
[PlyCount "71"]
[EventDate "2004.10.22"]
[EventType "swiss"]
[EventRounds "5"]
[EventCountry "GER"]
[SourceTitle "EXT 2012"]
[Source "ChessBase"]
[SourceDate "2011.11.24"]
[SourceVersion "1"]
[SourceVersionDate "2011.11.24"]
[SourceQuality "1"]

1. d4 Nf6 2. Nf3 c5 3. dxc5 e6 4. Bg5 Bxc5 5. e3 d5 6. Nbd2 Nbd7 7. Be2 a5 8. a4 Qc7 9. Nd4 0-0 10. Nb5 Qb6 11. 0-0 Be7 12. c4 dxc4 13. Nxc4 Qc5 14. Bh4 Nb6 15. Rc1 Nxc4 16. Rxc4 Qd5 17. Qc2 Qd8 18. Rd1 Nd5 19. Bg3 Bd7 20. e4 Nb4 21. Qb3 Rc8 22. Rcd4 Bxb5 23. Rxd8 Bxe2 24. Rxf8+ Kxf8 25. Re1 Rc2 26. h3 Bc5 27. Rxe2 Rxe2 28. Qc4 Re1+ 29. Kh2 b6 30. e5 Rd1 31. Qe4 g6 32. Qa8+ Kg7 33. Bh4 Rd4 34. Bf6+ Kh6 35. Qh8 Rf4 36. Qg7+ 1-0

[Event "Lippe Cup 01st"]
[Site "Lieme"]
[Date "2004.10.23"]
[Round "3"]
[White "Sander, Jacob"]
[Black "Morawe, Jobst"]
[Result "1/2-1/2"]
[WhiteElo "1606"]
[BlackElo "1685"]
[PlyCount "54"]
[EventDate "2004.10.22"]
[EventType "swiss"]
[EventRounds "5"]
[EventCountry "GER"]
[SourceTitle "EXT 2012"]
[Source "ChessBase"]
[SourceDate "2011.11.24"]
[SourceVersion "1"]
[SourceVersionDate "2011.11.24"]
[SourceQuality "1"]

1. e4 Nf6 2. e5 Nd5 3. d4 d6 4. Nf3 Bg4 5. Be2 e6 6. h3 Bh5 7. 0-0 Be7 8. c4 Nb6 9. Nbd2 Nc6 10. Re1 0-0 11. b3 Bg6 12. Nf1 dxe5 13. dxe5 Bb4 14. Bd2 Ba3 15. Bc3 Qe7 16. Ne3 Rfd8 17. Nd2 Nb4 18. Bh5 Nd3 19. Rf1 Nb2 20. Qg4 Bd3 21. Rfe1 g6 22. Qg3 N2a4 23. bxa4 Nxa4 24. Nd5 exd5 25. Qxd3 Nxc3 26. Qxc3 Bb4 27. Qg3 Bxd2 1/2-1/2

[Event "Dortmund op-B"]
[Site "Dortmund"]
[Date "2004.07.26"]
[Round "4"]
[White "Madalinski, Jakob"]
[Black "Morawe, Jobst"]
[Result "1/2-1/2"]
[WhiteElo "1472"]
[BlackElo "1685"]
[PlyCount "101"]
[EventDate "2004.07.??"]
[EventType "swiss"]
[EventRounds "9"]
[EventCountry "GER"]
[SourceTitle "EXT 2006"]
[Source "ChessBase"]
[SourceDate "2005.11.24"]
[SourceVersion "1"]
[SourceVersionDate "2005.11.24"]
[SourceQuality "1"]

1. d4 d5 2. Bf4 Nf6 3. Nf3 e6 4. e3 Bd6 5. Bg3 Bxg3 6. hxg3 Nbd7 7. c4 c6 8. Nc3 a6 9. Qc2 b5 10. c5 Qc7 11. Bd3 h6 12. a3 e5 13. e4 dxe4 14. Nxe4 Nxe4 15. Bxe4 exd4 16. Nxd4 Bb7 17. Nf5 0-0-0 18. Nd6+ Kb8 19. Nxf7 Rhe8 20. Nxd8 Qxd8 21. 0-0-0 Qe7 22. Rhe1 Nxc5 23. Bxc6 Qxe1 24. Rxe1 Rxe1+ 25. Kd2 Re5 26. Bxb7 Kxb7 27. Kd1 Rd5+ 28. Ke2 Re5+ 29. Kf1 Nd7 30. Qg6 Rg5 31. Qe4+ Kc7 32. Qe3 Kb7 33. f4 Rc5 34. Kg1 Rc7 35. g4 Nf6 36. g5 hxg5 37. fxg5 Nd7 38. Qe4+ Kb8 39. Qg6 Nc5 40. b4 Na4 41. Qxa6 Rb7 42. Qd6+ Ka7 43. Kh2 Nb6 44. Qc5 Ka6 45. Kh3 Na4 46. Qd6+ Rb6 47. Qf8 Rb7 48. g6 Nb6 49. Kg4 Nc4 50. Kg5 Nxa3 51. Qf7 1/2-1/2

[Event "Dortmund op-B"]
[Site "Dortmund"]
[Date "2004.07.25"]
[Round "3"]
[White "Makarov, Juri"]
[Black "Morawe, Jobst"]
[Result "1-0"]
[WhiteElo "1771"]
[BlackElo "1685"]
[PlyCount "97"]
[EventDate "2004.07.??"]
[EventType "swiss"]
[EventRounds "9"]
[EventCountry "GER"]
[SourceTitle "EXT 2006"]
[Source "ChessBase"]
[SourceDate "2005.11.24"]
[SourceVersion "1"]
[SourceVersionDate "2005.11.24"]
[SourceQuality "1"]

1. Nf3 Nf6 2. c4 c6 3. Nc3 d5 4. cxd5 cxd5 5. d4 e6 6. Bg5 Nbd7 7. e3 Be7 8. Bb5 0-0 9. 0-0 a6 10. Bd3 b5 11. Rc1 Bb7 12. Ne5 Nxe5 13. dxe5 Ne4 14. Bxe7 Qxe7 15. Bxe4 dxe4 16. Qg4 Qb4 17. Rb1 Rac8 18. h4 Qc4 19. a3 a5 20. Ne2 Qc7 21. Qh5 f5 22. exf6 Rxf6 23. Qxb5 Rf5 24. Qa4 Bc6 25. Qc4 Bd5 26. Qxc7 Rxc7 27. b4 axb4 28. axb4 Rb7 29. Rfc1 Rf8 30. b5 Rfb8 31. Rc5 Rb6 32. Nc3 Bb7 33. Rd1 Kf7 34. Na4 Bd5 35. Nxb6 Rxb6 36. Ra1 Rb7 37. Ra6 Ke7 38. Kf1 Kd7 39. Ke2 h6 40. Kd2 g5 41. h5 g4 42. Kc3 Rb8 43. Kd4 Rf8 44. Rc2 Rb8 45. Rb2 Rc8 46. Ke5 Bb7 47. Rd6+ Ke7 48. Rxe6+ Kf7 49. Rxh6 1-0

[Event "Dortmund op-B"]
[Site "Dortmund"]
[Date "2004.07.24"]
[Round "2"]
[White "Morawe, Jobst"]
[Black "Bergmann, Josef"]
[Result "1/2-1/2"]
[WhiteElo "1685"]
[BlackElo "1817"]
[PlyCount "99"]
[EventDate "2004.07.??"]
[EventType "swiss"]
[EventRounds "9"]
[EventCountry "GER"]
[SourceTitle "EXT 2006"]
[Source "ChessBase"]
[SourceDate "2005.11.24"]
[SourceVersion "1"]
[SourceVersionDate "2005.11.24"]
[SourceQuality "1"]

1. d4 f5 2. h3 Nf6 3. g4 d5 4. g5 Ne4 5. Nf3 Nc6 6. Bf4 e6 7. e3 Bd6 8. Ne5 Nxe5 9. dxe5 Be7 10. h4 Nc5 11. c3 c6 12. Nd2 b6 13. Nb3 Nd7 14. Nd4 Nb8 15. Bg2 Bd7 16. Qe2 c5 17. Nb5 Bxb5 18. Qxb5+ Qd7 19. Qxd7+ Nxd7 20. c4 Rd8 21. cxd5 exd5 22. Bxd5 Nxe5 23. Bxe5 Rxd5 24. Bxg7 Rg8 25. Bc3 Kf7 26. Ke2 Rgd8 27. f4 b5 28. a3 R8d7 29. Rad1 b4 30. Rxd5 Rxd5 31. axb4 cxb4 32. Bd4 a5 33. Rc1 Bd6 34. Kd3 a4 35. Kc4 Ra5 36. Bb6 Ra8 37. Rd1 Be7 38. Rd5 Kg6 39. Rd7 Bf8 40. Rd8 Rxd8 41. Bxd8 a3 42. bxa3 bxa3 43. Bf6 Kh5 44. Kb3 Kg4 45. Kc2 Kf3 46. h5 Kxe3 47. Be5 h6 48. g6 Kf3 49. g7 Bxg7 50. Bxg7 1/2-1/2